00558nam a2200169Ia 4500952010600000999001700106008004100123020001500164050002600179100003400205245006400239260003200303300001800335519000900353650001900362942000700381 00102lcc4070a22b22d2012-05-07l0oPN1993 5M4 R89 1981p11 009562r2023-07-13t1w2012-06-26yLB c73009d73009120626s1981 mx 000 0 spa d a9684341903 aPN1993 5M4 bR89 1981 aRuy Sánchez, Albertoeautor aMitología de un cine en crisis c/ Alberto, Ruy Sánchez aMéxico b: Premiac, 1981 a108 páginas a d  0aCINEzMÉXICO cLB